<?xml version="1.0" encoding="utf-8"?>
<?xml-stylesheet type='text/xsl' href='./oai2.xsl'?>
<OAI-PMH xmlns="http://www.openarchives.org/OAI/2.0/" xmlns:xsi="http://www.w3.org/2001/XMLSchema-instance" xsi:schemaLocation="http://www.openarchives.org/OAI/2.0/ http://www.openarchives.org/OAI/2.0/OAI-PMH.xsd">
  <responseDate>2026-06-07T04:58:47Z</responseDate>
  <request verb="GetRecord" metadataPrefix="marcxml" identifier="record_kuniweb_400846">https://kulturerbe.niedersachsen.de/oai</request>
  <GetRecord>
    <record>
      <header>
        <identifier>record_kuniweb_400846</identifier>
        <datestamp>2025-08-28T09:38:22Z</datestamp>
        <setSpec>slg0183</setSpec>
      </header>
      <metadata>
        <marc:record xmlns:marc="http://www.loc.gov/MARC21/slim" xsi:schemaLocation="http://www.loc.gov/MARC21/slim http://www.loc.gov/standards/marcxml/schema/MARC21slim.xsd">
          <marc:leader>12345nkm  22     uu 4500</marc:leader>
          <marc:controlfield tag="001">400846</marc:controlfield>
          <marc:controlfield tag="003">http://kuniweb.gbv.de</marc:controlfield>
          <marc:controlfield tag="005">2023-01-26T14:46:48</marc:controlfield>
          <marc:controlfield tag="008">|           ||||||||||||||||||||||</marc:controlfield>
          <marc:datafield tag="245" ind1="1" ind2="0">
            <marc:subfield code="a">Geburt Christi</marc:subfield>
          </marc:datafield>
          <marc:datafield tag="720" ind1=" " ind2=" ">
            <marc:subfield code="a">Johann Baese</marc:subfield>
          </marc:datafield>
          <marc:datafield tag="655" ind1=" " ind2="7">
            <marc:subfield code="a">Malerei</marc:subfield>
          </marc:datafield>
          <marc:datafield tag="046" ind1=" " ind2=" ">
            <marc:subfield code="k">1810</marc:subfield>
            <marc:subfield code="k">zwischen 1810 und 1837</marc:subfield>
            <marc:subfield code="l">1837</marc:subfield>
          </marc:datafield>
          <marc:datafield tag="260" ind1=" " ind2=" ">
            <marc:subfield code="g">1810</marc:subfield>
            <marc:subfield code="g">1837</marc:subfield>
            <marc:subfield code="g">zwischen 1810 und 1837</marc:subfield>
          </marc:datafield>
          <marc:datafield tag="300" ind1=" " ind2=" ">
            <marc:subfield code="a">Höhe: 121,8 cm
Breite: 98,2 cm
Höhe: 144,5 cm (Rahmen)
Breite: 121,6 cm (Rahmen)</marc:subfield>
          </marc:datafield>
          <marc:datafield tag="520" ind1=" " ind2=" ">
            <marc:subfield code="a">Unvollendete Darstellung der Geburt Christi, bzw. der Anbetung des Kindes: Maria mit hellrotem Kleid und tiefblauem Mantel kniet vor dem auf dem Boden auf einem Kissen liegenden nackten Jesuskind mit gefalteten Händen, links kniet der Johannesknabe rechts ein Engel, der in den Händen die Dornenkrone trägt, hinter diesem Joseph, der seinen Kopf auf eine Hand gestützt hat und schläft. Links im Hintergrund die Verkündigung des Engels an die Hirten. Romantische Landschaft mit bläulicher Fernsicht auf Berge und Hügel.
Der Engel und das Jesuskind sind unvollendet.
 (Städtisches Museum Braunschweig)

Aufschrift:
auf dem Holz o. re. roter Siegellack, u. li. Klebezettel mit rotem Museumsstempel, "Nr. / 514 / Bäse, Geburt" (Tinte)

Literatur in Zusammenhang:
M.Slg., S. 4 v und 5r; Nagler 1 (1835), S. 224; ThB 2 (1908), S. 349; AKL 6 (1992), S. 257 (Bild erw.); Merbach 1912, S. 43-45; Richter 2006, Bd. 2, S. 91; Museumsführer 1971, S. 74 (sw-Abb.); Seidler 2003, S. 290 f., S. 406.

Veröffentlicht in:
J. M. Nauhaus, „Die Gemäldesammlung des Städtischen Museums Braunschweig : vollständiges Bestandsverzeichnis und Verlustdokumentation. Die Gemäldesammlung // Städtisches Museum Braunschweig“. Olms, Hildesheim [u.a.], 2009. (S. 34, Nr. 16, u. S. 193, Farbtafel 2.)</marc:subfield>
          </marc:datafield>
          <marc:datafield tag="650" ind1="1" ind2=" ">
            <marc:subfield code="a">Gemälde</marc:subfield>
          </marc:datafield>
          <marc:datafield tag="650" ind1="1" ind2=" ">
            <marc:subfield code="a">Malerei</marc:subfield>
          </marc:datafield>
          <marc:datafield tag="650" ind1="1" ind2=" ">
            <marc:subfield code="a">Religion</marc:subfield>
          </marc:datafield>
          <marc:datafield tag="650" ind1="1" ind2=" ">
            <marc:subfield code="a">Malerei &gt; Gemälde</marc:subfield>
          </marc:datafield>
          <marc:datafield tag="650" ind1="1" ind2=" ">
            <marc:subfield code="a">Malerei</marc:subfield>
          </marc:datafield>
          <marc:datafield tag="773" ind1="0" ind2=" ">
            <marc:subfield code="t">Sammlung Malerei</marc:subfield>
          </marc:datafield>
          <marc:datafield tag="852" ind1=" " ind2=" ">
            <marc:subfield code="a">Städtisches Museum Braunschweig</marc:subfield>
          </marc:datafield>
          <marc:datafield tag="" ind1=" " ind2=" ">
            <marc:subfield code="a">Namensnennung - Nicht kommerziell - Keine Bearbeitungen 4.0 International (CC BY-NC-ND 4.0)</marc:subfield>
          </marc:datafield>
        </marc:record>
      </metadata>
    </record>
  </GetRecord>
</OAI-PMH>
